000 01162nam a22002535i 4500
001 164332
003 ES-MaACL
005 20250814031829.0
008 990701s1793 fr |||| | fre d
040 _aCN
_bspa
_cCCPB | 3D
100 1 _aBernardin de Saint-Pierre, Henri,
_d1737-1814
_928279
245 1 0 _aEtudes de la nature /
_cpar Jacques Bernardin Henri de Saint-Pierre ... ; tome premier.
250 _aTroisième édition revue, corrigée et augmentée.
260 _aA París :
_b[s.n.],
_c1793.
300 _aLVI, 288, [2] p., [1] h. grab., [1] h. grab. pleg. ;
_c12º.
594 1 _aTít. en la antep. : Oeuvres de Jacques Bernardin Henri de Saint-Pierre tome premier.
595 1 _aDatos de ed. preceden a mención de tomo.
597 1 _aAntep.
597 1 _aSing.: a-d\p6\s, e\p4\s, A-2A\p6\s, [ ]\p1\s.
650 7 _aCiencias naturales
_2embne
_910984
752 _aFrancia -
_dParís
852 _aES-MaACL
_jR-611-20
_z-- Enc. hol.
_x-- Edic.: la h. de grab.: "Marchand, F.", alegórica y la h. de grab.pleg. calc., representación del globo terráqueo
_x Olim: D- 4810-19
999 _c164332
_d164332